Toán học trong thế giới ngày nay: T1

সংরক্ষণ করুন:
গ্রন্থ-পঞ্জীর বিবরন
প্রধান লেখক: Toán học trong thế giới ngày nay: T1
বিন্যাস: গ্রন্থ
ভাষা:Undetermined
প্রকাশিত: Hà Nội KHKT 1976
বিষয়গুলি:
ট্যাগগুলো: ট্যাগ যুক্ত করুন
কোনো ট্যাগ নেই, প্রথমজন হিসাবে ট্যাগ করুন!
Thư viện lưu trữ: Trung tâm Học liệu Trường Đại học Cần Thơ
LEADER 00603nam a2200181Ia 4500
001 CTU_1047
008 210402s9999 xx 000 0 und d
082 |a 509 
082 |b T406/T1 
100 |a Toán học trong thế giới ngày nay: T1 
245 0 |a Toán học trong thế giới ngày nay: T1 
245 0 |c Toán học trong thế giới ngày nay: T1, Đoàn Trịnh Ninh, Trần Chí Đức 
260 |a Hà Nội 
260 |b KHKT 
260 |c 1976 
650 |a mathematics 
904 |i Minh, 960809 
980 |a Trung tâm Học liệu Trường Đại học Cần Thơ